Prolegomena to the metaphysics of Islam : (Record no. 403)

000 -LEADER
fixed length control field nam a22 a 4500
003 - CONTROL NUMBER IDENTIFIER
control field AKMAL
005 - DATE AND TIME OF LATEST TRANSACTION
control field 20170503155137.0
008 - FIXED-LENGTH DATA ELEMENTS--GENERAL INFORMATION
fixed length control field 170503s1995 my 00 eng d
020 ## - INTERNATIONAL STANDARD BOOK NUMBER
International Standard Book Number 9839900234:
Terms of availability RM 60.00
040 ## - CATALOGING SOURCE
Original cataloging agency AKMAL
082 04 - DEWEY DECIMAL CLASSIFICATION NUMBER
Classification number 110 ATT
090 ## - LOCALLY ASSIGNED LC-TYPE CALL NUMBER (OCLC); LOCAL CALL NUMBER (RLIN)
Classification number (OCLC) (R) ; Classification number, CALL (RLIN) (NR) 110
Local cutter number (OCLC) ; Book number/undivided call number, CALL (RLIN) ATT
100 1# - MAIN ENTRY--PERSONAL NAME
Personal name al-Attas, Syed Muhammad Naquib,
Dates associated with a name 1931-
9 (RLIN) 847
245 10 - TITLE STATEMENT
Title Prolegomena to the metaphysics of Islam :
Remainder of title an exposition of the fundamental elements of the worldview of Islam /
Statement of responsibility, etc. Syed Muhammad Naquib Al-Attas
260 ## - PUBLICATION, DISTRIBUTION, ETC.
Place of publication, distribution, etc. Kuala Lumpur :
Name of publisher, distributor, etc. International Institute of Islamic Thought and Civilization (ISTAC),
Date of publication, distribution, etc. 1995
300 ## - PHYSICAL DESCRIPTION
Extent x, 358p. ;
Dimensions 23cm
650 ## - SUBJECT ADDED ENTRY--TOPICAL TERM
Topical term or geographic name entry element Metaphysics
9 (RLIN) 921
650 ## - SUBJECT ADDED ENTRY--TOPICAL TERM
Topical term or geographic name entry element Islam
9 (RLIN) 922
650 ## - SUBJECT ADDED ENTRY--TOPICAL TERM
Topical term or geographic name entry element Cosmology
9 (RLIN) 923
650 ## - SUBJECT ADDED ENTRY--TOPICAL TERM
Topical term or geographic name entry element Ontology
9 (RLIN) 899
650 ## - SUBJECT ADDED ENTRY--TOPICAL TERM
Topical term or geographic name entry element Knowledge, Theory of
9 (RLIN) 831
942 ## - ADDED ENTRY ELEMENTS (KOHA)
Source of classification or shelving scheme
Koha item type Book
Holdings
Withdrawn status Lost status Source of classification or shelving scheme Damaged status Not for loan Collection code Home library Current library Shelving location Date acquired Inventory number Total Checkouts Full call number Barcode Date last seen Price effective from Koha item type
          NON-FICTION AKMAL Melaka AKMAL Melaka PINJAMAN 03.05.2017 00300   110 ATT 201701291 03.05.2017 03.05.2017 Book
Pusat Sumber Maklumat Dato' Haji Sarmin Md Hussin, Akademi Kastam Diraja Malaysia, Melaka
Tel: 06-2331106 | Faks: 06-2313787